| 000 | 00412 a2200169 4500 | ||
|---|---|---|---|
| 020 | _a1-58488-488-6 | ||
| 040 |
_aDLC _bDLC |
||
| 082 | _a510 | ||
| 100 | 1 | _aJeffrey, Alan | |
| 245 | 0 | 0 |
_aMathematics for engineers and scientists _cAlan Jeffrey |
| 250 | _a6. ed. | ||
| 260 |
_aBoca Raton : _bChapman & Hall, _c2005 |
||
| 300 | _a994 s. | ||
| 650 | 7 | _aMatematik | |
| 650 | 7 | _aMathematics | |
| 942 |
_cBK _k510 JEF _2ddc |
||
| 999 |
_c4431 _d4431 |
||